<?xml version="1.0" encoding="UTF-8"?>
<marc:record xmlns:marc="http://www.loc.gov/MARC21/slim">
   <marc:leader>00000nam a2200000 a 4500</marc:leader>
   <marc:datafield ind1="0" ind2="0" tag="245">
      <marc:subfield code="a">Servus Kinder - Ausgabe 1/2022                                                                1/2022</marc:subfield>
   </marc:datafield>
   <marc:datafield ind1="0" ind2="0" tag="245">
      <marc:subfield code="b">; Forschen und Fragen - Erleben und Entdecken - Lachen und Rätseln - Basteln und Kochen</marc:subfield>
   </marc:datafield>
   <marc:datafield ind1=" " ind2="1" tag="264">
      <marc:subfield code="b">Red Bull Media House GmbH</marc:subfield>
      <marc:subfield code="c">2022</marc:subfield>
   </marc:datafield>
   <marc:datafield ind1="1" ind2=" " tag="520">
      <marc:subfield code="a">Du wirst immer größer Eine Reise durch deinen Körper: Wie Kinder wachsen Lustiges Interview: Der 2,16 Meter große Basketballer Jakob Pöltl Krasse Karotten, tollkühne Tomaten: Rezepte, die stark machen</marc:subfield>
   </marc:datafield>
   <marc:datafield ind1="3" ind2=" " tag="024">
      <marc:subfield code="a">4198181403805</marc:subfield>
   </marc:datafield>
</marc:record>
